[Event "2. Bundesliga Ost 2009/2010"]
[Site "17+18.10Zwettl14+15.11Poechlarn"]
[Date "2009.10.17"]
[Round "1"]
[Board "1"]
[White "Denk, Adolf"]
[Black "Wukits, Rene"]
[Result "1-0"]
[WhiteElo "2257"]
[BlackElo "2331"]
[PlyCount "53"]
[EventDate "2009.10.17"]
[EventType "team"]
[EventRounds "11"]
[EventCountry "AUT"]
[WhiteTeam "SK St. Poelten"]
[BlackTeam "SV Tschaturanga Neubau"]

1.c4 e6 2.Nc3 b6 3.e4 c5 4.g3 Bb7 5.Bg2 Nf6 6.Nge2 d6 7.O-O Nbd7 8.f4 a6 9.d3 g6
10.h3 h5 11.Rb1 Qc7 12.Be3 Be7 13.Rf2 Bc6 14.a4 Qb7 15.Qb3 Rd8 16.Nd5 Bf8
17.Rbf1 Qb8 18.f5 exd5 19.exd5 Bb7 20.fxg6 Bg7 21.Bg5 O-O 22.Bxf6 Nxf6 23.Rxf6
Bxf6 24.Rxf6 fxg6 25.Rxg6+ Kf7 26.Nf4 Rg8 27.Qd1

[Event "2. Bundesliga Ost 2009/2010"]
[Site "17+18.10Zwettl14+15.11Poechlarn"]
[Date "2009.10.17"]
[Round "1"]
[Board "2"]
[White "Kleiser, Gregor"]
[Black "Sadilek, Maximilian"]
[Result "1-0"]
[WhiteElo "2313"]
[BlackElo "2207"]
[PlyCount "71"]
[EventDate "2009.10.17"]
[EventType "team"]
[EventRounds "11"]
[EventCountry "AUT"]
[WhiteTeam "SV Tschaturanga Neubau"]
[BlackTeam "SK St. Poelten"]

1.d4 g6 2.c4 Bg7 3.e4 d6 4.Nc3 Nd7 5.f4 e5 6.Nf3 exd4 7.Nxd4 Ngf6 8.Be2 O-O
9.O-O Re8 10.Bf3 Nc5 11.Re1 a5 12.b3 Bg4 13.Bb2 Bxf3 14.Qxf3 c6 15.Rad1 Qb6
16.Kh1 a4 17.e5 dxe5 18.fxe5 Nfd7 19.e6 fxe6 20.Nxe6 Rxe6 21.Rxe6 Nxe6 22.Rxd7
Rf8 23.Qe2 Qf2 24.Qxe6+ Kh8 25.Ne2 Bxb2 26.h3 Qf6 27.Qe3 Qf1+ 28.Ng1 Qf5 29.Qh6
g5 30.Rxh7+ Kg8 31.Rxb7 a3 32.Qxc6 Bd4 33.Nf3 g4 34.hxg4 Qb1+ 35.Kh2 Rxf3
36.Qd5+

[Event "2. Bundesliga Ost 2009/2010"]
[Site "17+18.10Zwettl14+15.11Poechlarn"]
[Date "2009.10.17"]
[Round "1"]
[Board "3"]
[White "Steiner, Bruno"]
[Black "Kreindl, Helmut"]
[Result "0-1"]
[WhiteElo "2184"]
[BlackElo "2194"]
[PlyCount "56"]
[EventDate "2009.10.17"]
[EventType "team"]
[EventRounds "11"]
[EventCountry "AUT"]
[WhiteTeam "SK St. Poelten"]
[BlackTeam "SV Tschaturanga Neubau"]

1.c4 e6 2.g3 d5 3.Nf3 Nf6 4.b3 Be7 5.Bb2 O-O 6.Bg2 c6 7.O-O Nbd7 8.d3 b6 9.Nc3
Bb7 10.Re1 c5 11.cxd5 Nxd5 12.Nxd5 Bxd5 13.e4 Bb7 14.Rc1 Rc8 15.d4 cxd4 16.Qxd4
Nf6 17.e5 Nd5 18.Rxc8 Qxc8 19.Rc1 Qa8 20.Nd2 Rd8 21.Nc4 Bg5 22.Nd6 Bxc1 23.Bxc1
Qb8 24.Bxd5 Bxd5 25.Qg4 Qc7 26.Bg5 f6 27.Nb5 Qxe5 28.Be3 Qa1+

[Event "2. Bundesliga Ost 2009/2010"]
[Site "17+18.10Zwettl14+15.11Poechlarn"]
[Date "2009.10.17"]
[Round "1"]
[Board "4"]
[White "Ernst, Michael"]
[Black "Juenger, Heinz"]
[Result "1/2-1/2"]
[WhiteElo "2166"]
[BlackElo "2086"]
[PlyCount "104"]
[EventDate "2009.10.17"]
[EventType "team"]
[EventRounds "11"]
[EventCountry "AUT"]
[WhiteTeam "SV Tschaturanga Neubau"]
[BlackTeam "SK St. Poelten"]

1.d4 Nf6 2.c4 g6 3.Nc3 d5 4.cxd5 Nxd5 5.e4 Nxc3 6.bxc3 Bg7 7.Nf3 c5 8.Rb1 O-O
9.Be2 Nc6 10.d5 Bxc3+ 11.Bd2 Bxd2+ 12.Qxd2 Na5 13.h4 Bg4 14.h5 Bxf3 15.gxf3 e5
16.Rh3 b6 17.Rg3 Qh4 18.Qh6 Kh8 19.Kd2 Rg8 20.Rbg1 Qxh5 21.Qxh5 gxh5 22.Rh1 Rxg3
23.fxg3 Rg8 24.Rxh5 f6 25.f4 Re8 26.fxe5 Rxe5 27.Rxe5 fxe5 28.Ba6 Kg7 29.Ke3 Kf6
30.Kf3 Kg5 31.Kf2 h5 32.Kg2 c4 33.Kf3 c3 34.Ke3 Kg4 35.Be2+ Kxg3 36.Bxh5 c2
37.Kd2 Kf4 38.Bg6 Nc4+ 39.Kxc2 Ke3 40.Kc3 Nd6 41.a4 a5 42.Bh7 Nb7 43.Kc4 Nd6+
44.Kc3 Ke2 45.Bg6 Kf3 46.Kd3 Kg4 47.Kc3 Kg5 48.Bh7 Kf6 49.Kd3 Ke7 50.Bg6 Kd7
51.Bh5 Kc7 52.Bd1 Kd7

[Event "2. Bundesliga Ost 2009/2010"]
[Site "17+18.10Zwettl14+15.11Poechlarn"]
[Date "2009.10.17"]
[Round "1"]
[Board "5"]
[White "Sekyra, Michael"]
[Black "Ponjican, Erich"]
[Result "0-1"]
[WhiteElo "2155"]
[BlackElo "2170"]
[PlyCount "71"]
[EventDate "2009.10.17"]
[EventType "team"]
[EventRounds "11"]
[EventCountry "AUT"]
[WhiteTeam "SK St. Poelten"]
[BlackTeam "SV Tschaturanga Neubau"]

1.e4 Nf6 2.e5 Nd5 3.d4 d6 4.c4 Nb6 5.exd6 exd6 6.Bd3 Nc6 7.Be3 Be7 8.Nc3 Nb4
9.Bb1 O-O 10.b3 Re8 11.Nge2 c6 12.a3 Na6 13.O-O d5 14.c5 Nd7 15.Qd3 g6 16.h3 Nc7
17.g4 Nf8 18.Ng3 b6 19.Nce2 Ba6 20.Qd2 Nce6 21.b4 bxc5 22.bxc5 Bf6 23.Ra2 Rb8
24.f4 Bc4 25.Rc2 Rb3 26.g5 Rd3 27.Qc1 Bxd4 28.Bxd4 Nxd4 29.Rxc4 dxc4 30.Qxc4
Nxe2+ 31.Nxe2 Rd2 32.Ba2 Qe7 33.Rf2 Qe6 34.Nc3 Qe1+ 35.Qf1 Qe3 36.Nb1

[Event "2. Bundesliga Ost 2009/2010"]
[Site "17+18.10Zwettl14+15.11Poechlarn"]
[Date "2009.10.17"]
[Round "1"]
[Board "6"]
[White "Petschar, Hans"]
[Black "Kammerer, Roman"]
[Result "1-0"]
[WhiteElo "2086"]
[BlackElo "2099"]
[PlyCount "95"]
[EventDate "2009.10.17"]
[EventType "team"]
[EventRounds "11"]
[EventCountry "AUT"]
[WhiteTeam "SV Tschaturanga Neubau"]
[BlackTeam "SK St. Poelten"]

1.d4 Nf6 2.c4 c5 3.Nf3 g6 4.Nc3 Bg7 5.e4 cxd4 6.Nxd4 d6 7.Be2 O-O 8.Be3 Nc6
9.O-O Bd7 10.Nc2 b6 11.f4 Rc8 12.Rc1 Qc7 13.Nd5 Qb8 14.Bf3 Nxd5 15.exd5 Na5
16.b3 b5 17.cxb5 Bxb5 18.Rf2 Nb7 19.Nd4 Nc5 20.Nc6 Qc7 21.Rd2 a5 22.Kh1 Rfe8
23.Bd4 Bxc6 24.dxc6 Bxd4 25.Rxd4 Rb8 26.f5 Rb4 27.fxg6 hxg6 28.Rcc4 Rxc4 29.Rxc4
e5 30.Bd5 e4 31.h3 Qe7 32.Qd4 e3 33.Rc1 Kh7 34.Re1 f5 35.Re2 g5 36.a3 f4 37.b4
axb4 38.axb4 Ne4 39.Bxe4+ Qxe4 40.Qxe4+ Rxe4 41.b5 Rc4 42.Rb2 Rc5 43.Kg1 Rc1+
44.Kh2 Rc5 45.b6 Rxc6 46.b7 e2 47.b8=Q e1=Q 48.Rb7+

[Event "2. Bundesliga Ost 2009/2010"]
[Site "17+18.10Zwettl14+15.11Poechlarn"]
[Date "2009.10.17"]
[Round "1"]
[Board "1"]
[White "Froschauer, Hans"]
[Black "Plachetka, Jan"]
[Result "0-1"]
[WhiteElo "2126"]
[BlackElo "2379"]
[PlyCount "48"]
[EventDate "2009.10.17"]
[EventType "team"]
[EventRounds "11"]
[EventCountry "AUT"]
[WhiteTeam "ASVOE Pamhagen"]
[BlackTeam "Austria Wien"]

1.e4 c5 2.Nf3 Nc6 3.d4 cxd4 4.Nxd4 Nf6 5.Nc3 d6 6.Bg5 e6 7.f4 h6 8.Bh4 Qb6 9.Bf2
Qxb2 10.Ndb5 Qb4 11.Rb1 Qa5 12.Qd2 Be7 13.Be2 O-O 14.O-O e5 15.Rb3 exf4 16.Qxf4
Be6 17.Nd5 Nxd5 18.exd5 Bxd5 19.Rg3 Bg5 20.Rxg5 hxg5 21.Qxg5 Be4 22.Qg4 d5
23.Bc5 a6 24.Bxf8 Rxf8

[Event "2. Bundesliga Ost 2009/2010"]
[Site "17+18.10Zwettl14+15.11Poechlarn"]
[Date "2009.10.17"]
[Round "1"]
[Board "2"]
[White "Hangweyrer, Manfred"]
[Black "Orlovic, Veljko"]
[Result "1-0"]
[WhiteElo "2348"]
[BlackElo "2122"]
[PlyCount "85"]
[EventDate "2009.10.17"]
[EventType "team"]
[EventRounds "11"]
[EventCountry "AUT"]
[WhiteTeam "Austria Wien"]
[BlackTeam "ASVOE Pamhagen"]

1.e4 e6 2.d3 d5 3.Qe2 d4 4.f4 c5 5.Nf3 Nc6 6.g3 Nf6 7.Bg2 Be7 8.O-O O-O 9.Nbd2
Ng4 10.Nb3 f5 11.e5 Nb4 12.h3 Nh6 13.a3 Nd5 14.Bd2 a5 15.c4 dxc3 16.bxc3 a4
17.Nc1 Nf7 18.c4 Nc7 19.Rb1 Ra7 20.Be3 Na6 21.Na2 Bd7 22.Nc3 Bc6 23.Rfd1 Qc8
24.Qc2 Nc7 25.Qf2 Ra5 26.Rb2 Rd8 27.Ne1 Na8 28.Rdb1 b6 29.Nb5 Ra6 30.Qe2 Rd7
31.Kh2 Nd8 32.Nf3 Nb7 33.g4 g6 34.Rg1 fxg4 35.hxg4 Qd8 36.Ne1 Na5 37.Bh3 Nb3
38.g5 Kf7 39.Qg4 Bxb5 40.cxb5 Raa7 41.Qxe6+ Kg7 42.f5 gxf5 43.g6

[Event "2. Bundesliga Ost 2009/2010"]
[Site "17+18.10Zwettl14+15.11Poechlarn"]
[Date "2009.10.17"]
[Round "1"]
[Board "4"]
[White "Liedl, Wolfgang"]
[Black "Galavics, Hermann"]
[Result "1-0"]
[WhiteElo "2211"]
[BlackElo "2041"]
[PlyCount "65"]
[EventDate "2009.10.17"]
[EventType "team"]
[EventRounds "11"]
[EventCountry "AUT"]
[WhiteTeam "Austria Wien"]
[BlackTeam "ASVOE Pamhagen"]

1.d4 d5 2.c4 c6 3.Nf3 Nf6 4.Nc3 e6 5.e3 Nbd7 6.Bd3 dxc4 7.Bxc4 b5 8.Bd3 Bb7 9.a3
a6 10.b4 a5 11.Rb1 axb4 12.axb4 Nb6 13.e4 Be7 14.O-O h6 15.Qe2 Na4 16.Nd1 Kf8
17.Bd2 g6 18.Ne3 Kg7 19.Nc2 Nd7 20.Rb3 Bd6 21.h4 e5 22.h5 exd4 23.hxg6 fxg6
24.e5 Be7 25.Ncxd4 Nf8 26.Re1 c5 27.Nxb5 Bd5 28.Bc4 Ne6 29.Nd6 Nb6 30.Bxd5 Nxd5
31.Qc4 Ndc7 32.bxc5 Rf8 33.Reb1

[Event "2. Bundesliga Ost 2009/2010"]
[Site "17+18.10Zwettl14+15.11Poechlarn"]
[Date "2009.10.17"]
[Round "1"]
[Board "5"]
[White "Rusek, Walter"]
[Black "Rogetzer, Klaus"]
[Result "1/2-1/2"]
[WhiteElo "1849"]
[BlackElo "2073"]
[PlyCount "61"]
[EventDate "2009.10.17"]
[EventType "team"]
[EventRounds "11"]
[EventCountry "AUT"]
[WhiteTeam "ASVOE Pamhagen"]
[BlackTeam "Austria Wien"]

1.d4 Nf6 2.c4 e5 3.dxe5 Ng4 4.Bf4 Nc6 5.Nf3 Bb4+ 6.Nbd2 Qe7 7.a3 Ngxe5 8.Nxe5
Nxe5 9.e3 Ng6 10.Bxc7 Bc5 11.Nb3 d6 12.Nxc5 Qxc7 13.Qa4+ Qc6 14.Qxc6+ bxc6
15.Ne4 Ke7 16.O-O-O Rd8 17.c5 d5 18.Nd6 a5 19.Nxc8+ Raxc8 20.Rd4 Ne5 21.Be2 Nd7
22.Bg4 Nxc5 23.Bxc8 Nb3+ 24.Kc2 Nxd4+ 25.exd4 Rxc8 26.Re1+ Kd6 27.Re3 Rc7 28.Rc3
Re7 29.Re3 Rb7 30.Rb3 Re7 31.Re3

[Event "2. Bundesliga Ost 2009/2010"]
[Site "17+18.10Zwettl14+15.11Poechlarn"]
[Date "2009.10.17"]
[Round "1"]
[Board "1"]
[White "Loeffler, Stefan"]
[Black "Antoniewski, Rafal"]
[Result "0-1"]
[WhiteElo "2416"]
[BlackElo "2558"]
[PlyCount "48"]
[EventDate "2009.10.17"]
[EventType "team"]
[EventRounds "11"]
[EventCountry "AUT"]
[WhiteTeam "SK Advisory Invest Baden"]
[BlackTeam "ASVOE SK Mattersburg"]

1.d4 Nf6 2.c4 e6 3.Nf3 c5 4.d5 exd5 5.cxd5 d6 6.Nc3 g6 7.h3 Bg7 8.e4 a6 9.a4
Nbd7 10.Bf4 Qe7 11.Nd2 Nh5 12.Be3 Bd4 13.Nc4 Bxe3 14.Nxe3 O-O 15.Rb1 b6 16.h4
Ra7 17.g4 Nhf6 18.Bg2 Ne5 19.f3 h6 20.b4 Kg7 21.bxc5 bxc5 22.Ne2 Nh7 23.Ng3 Qf6
24.Ne2 Nxf3+

[Event "2. Bundesliga Ost 2009/2010"]
[Site "17+18.10Zwettl14+15.11Poechlarn"]
[Date "2009.10.17"]
[Round "1"]
[Board "2"]
[White "Cvek, Robert"]
[Black "Lendwai, Reinhard"]
[Result "1/2-1/2"]
[WhiteElo "2518"]
[BlackElo "2424"]
[PlyCount "95"]
[EventDate "2009.10.17"]
[EventType "team"]
[EventRounds "11"]
[EventCountry "AUT"]
[WhiteTeam "ASVOE SK Mattersburg"]
[BlackTeam "SK Advisory Invest Baden"]

1.d4 Nf6 2.Nf3 e6 3.c4 c5 4.Nc3 cxd4 5.Nxd4 a6 6.g3 Qc7 7.Qd3 Nc6 8.Nxc6 Qxc6
9.e4 b6 10.Bg2 Bb7 11.Bd2 Rc8 12.b3 Ba3 13.O-O O-O 14.Rfe1 Ng4 15.h3 Ne5 16.Qe2
f6 17.Rad1 Kh8 18.f4 Nf7 19.Kh1 Rg8 20.h4 Qc7 21.Nb1 Be7 22.Bc3 Bc6 23.Nd2 b5
24.Bd4 bxc4 25.Nxc4 Bb5 26.Rc1 Nd6 27.Nxd6 Qxd6 28.Qf2 Qa3 29.Qb2 Rgd8 30.Red1
Kg8 31.Qb1 Rxc1 32.Rxc1 Bd3 33.Qb2 Qa5 34.Qf2 Qa3 35.Qb2 Qa5 36.Bc3 Qa3 37.Qd2
Bb5 38.Ba5 Rb8 39.e5 fxe5 40.fxe5 Rf8 41.Bc3 Rf2 42.Qxf2 Qxc1+ 43.Qe1 Qc2 44.Qd2
Qb1+ 45.Kh2 Bc5 46.a4 Bd3 47.g4 h6 48.b4

[Event "2. Bundesliga Ost 2009/2010"]
[Site "17+18.10Zwettl14+15.11Poechlarn"]
[Date "2009.10.17"]
[Round "1"]
[Board "3"]
[White "Bawart, Markus"]
[Black "Petran, Peter"]
[Result "1-0"]
[WhiteElo "2399"]
[BlackElo "2361"]
[PlyCount "171"]
[EventDate "2009.10.17"]
[EventType "team"]
[EventRounds "11"]
[EventCountry "AUT"]
[WhiteTeam "SK Advisory Invest Baden"]
[BlackTeam "ASVOE SK Mattersburg"]

1.d4 g6 2.Nf3 Bg7 3.e4 d6 4.h3 Nf6 5.Bd3 O-O 6.O-O Nbd7 7.Re1 e5 8.c3 c6 9.Nbd2
Qc7 10.Qc2 a6 11.a4 b6 12.b3 Bb7 13.Ba3 Rfe8 14.Nc4 Bf8 15.dxe5 dxe5 16.Bxf8
Rxf8 17.Bf1 b5 18.Ne3 Qb6 19.Ng4 Nxg4 20.hxg4 Qc7 21.b4 Nf6 22.g5 Nh5 23.c4 bxa4
24.Rxa4 c5 25.bxc5 Qxc5 26.Qc3 f6 27.Ra5 Qc7 28.gxf6 Nxf6 29.Qxe5 Qxe5 30.Rxe5
Rfe8 31.Rxe8+ Rxe8 32.e5 Nd7 33.e6 Nc5 34.Nd4 Bc8 35.e7 Kf7 36.Nc6 Bb7 37.Nd8+
Kf6 38.Nxb7 Nxb7 39.Rb1 Nc5 40.Rb6+ Ke5 41.Rc6 Kd4 42.Rc7 a5 43.Ra7 a4 44.Be2 a3
45.Kf1 a2 46.Rxa2 Rxe7 47.Rd2+ Kc3 48.Rd5 Nb3 49.Rd3+ Kb4 50.Rd1 Kc3 51.f3 Ra7
52.Rd3+ Kb4 53.Re3 Nc1 54.Ke1 Nxe2 55.Rxe2 Kxc4 56.Kf2 Kd5 57.Kg3 Kd6 58.Kg4 Re7
59.Rd2+ Ke6 60.Kg5 Kf7 61.Kh6 Kf6 62.Rd4 Ra7 63.Rf4+ Ke5 64.Rf8 Ra2 65.g4 Rh2+
66.Kg7 Rh3 67.f4+ Ke6 68.Re8+ Kd7 69.Rh8 Rf3 70.Rxh7 Rxf4 71.Kxg6+ Ke8 72.Rh8+
Ke7 73.g5 Rg4 74.Rg8 Rg1 75.Kh7 Rh1+ 76.Kg7 Rh5 77.g6 Rh1 78.Rh8 Rg1 79.Rh2 Rg3
80.Kh7 Kf8 81.Rf2+ Ke8 82.g7 Rh3+ 83.Kg6 Rg3+ 84.Kf6 Rg1 85.Re2+ Kd7 86.Re5

[Event "2. Bundesliga Ost 2009/2010"]
[Site "17+18.10Zwettl14+15.11Poechlarn"]
[Date "2009.10.17"]
[Round "1"]
[Board "4"]
[White "Riedner, Martin"]
[Black "Brandner, Stefan"]
[Result "1-0"]
[WhiteElo "2189"]
[BlackElo "2283"]
[PlyCount "78"]
[EventDate "2009.10.17"]
[EventType "team"]
[EventRounds "11"]
[EventCountry "AUT"]
[WhiteTeam "ASVOE SK Mattersburg"]
[BlackTeam "SK Advisory Invest Baden"]

1.Nf3 Nc6 2.c4 e5 3.Nc3 Nf6 4.d4 exd4 5.Nxd4 Bb4 6.Bg5 h6 7.Bh4 g5 8.Bg3 Qe7
9.e3 Ne4 10.Qd3 d6 11.Nxc6 bxc6 12.Qd4 O-O 13.Bd3 Nxc3 14.bxc3 Bc5 15.Qe4 Qxe4
16.Bxe4 Bd7 17.Kd2 h5 18.f3 Rfe8 19.Rhe1 Rab8 20.Bc2 Rb2 21.Kc1 Rb6 22.Kd2 f5
23.h4 gxh4 24.Bxh4 Be6 25.Bb3 a5 26.Kd3 d5 27.cxd5 cxd5 28.Bg3 Re7 29.Be5 Ba3
30.Rab1 Bf7 31.f4 Rg6 32.Re2 c5 33.Ba4 Rg3 34.Rb8+ Kh7 35.Bc6 Bc1 36.Rd8 d4
37.cxd4 c4+ 38.Kc2 Bxe3 39.Bf3 Rxe5

[Event "2. Bundesliga Ost 2009/2010"]
[Site "17+18.10Zwettl14+15.11Poechlarn"]
[Date "2009.10.17"]
[Round "1"]
[Board "5"]
[White "Sulyok, Michael"]
[Black "Brod, Manfred"]
[Result "1/2-1/2"]
[WhiteElo "2240"]
[BlackElo "2165"]
[PlyCount "61"]
[EventDate "2009.10.17"]
[EventType "team"]
[EventRounds "11"]
[EventCountry "AUT"]
[WhiteTeam "SK Advisory Invest Baden"]
[BlackTeam "ASVOE SK Mattersburg"]

1.c4 c5 2.Nc3 Nc6 3.g3 g6 4.Bg2 Bg7 5.Nf3 d6 6.O-O e5 7.d3 Nge7 8.Ne1 Be6 9.Nd5
O-O 10.Nc2 Rb8 11.Rb1 a5 12.Bd2 h6 13.a3 b5 14.b4 bxc4 15.dxc4 axb4 16.axb4 cxb4
17.Ncxb4 f5 18.Nxe7+ Nxe7 19.Qc1 Kh7 20.Nd5 Rxb1 21.Qxb1 e4 22.Qb7 Rf7 23.Qb5
Bd7 24.Qb4 Bc6 25.Nf4 Qd7 26.h4 d5 27.cxd5 Nxd5 28.Nxd5 Bxd5 29.Be3 Qb7 30.Rb1
Qxb4 31.Rxb4

[Event "2. Bundesliga Ost 2009/2010"]
[Site "17+18.10Zwettl14+15.11Poechlarn"]
[Date "2009.10.17"]
[Round "1"]
[Board "6"]
[White "Salamon, Werner"]
[Black "Geismann, Bernhard"]
[Result "1-0"]
[WhiteElo "2130"]
[BlackElo "2108"]
[PlyCount "154"]
[EventDate "2009.10.17"]
[EventType "team"]
[EventRounds "11"]
[EventCountry "AUT"]
[WhiteTeam "ASVOE SK Mattersburg"]
[BlackTeam "SK Advisory Invest Baden"]

1.e4 e5 2.Nf3 Nc6 3.Bb5 a6 4.Bxc6 dxc6 5.O-O Bg4 6.h3 h5 7.d3 Qf6 8.Nbd2 g5 9.b3
Qg7 10.Qe2 Be6 11.Nh2 g4 12.h4 g3 13.fxg3 Bc5+ 14.Kh1 Qxg3 15.Ndf3 Nf6 16.Be3
Bxe3 17.Qxe3 Rg8 18.Qf2 Qxf2 19.Rxf2 Ng4 20.Nxg4 hxg4 21.Nxe5 g3 22.Rf4 Ke7
23.Raf1 Rg7 24.Kg1 Rh8 25.R1f3 c5 26.Nc4 Bxc4 27.bxc4 b6 28.Kf1 Rgh7 29.Ke2 Rxh4
30.Rxf7+ Kd8 31.Rxg3 R4h7 32.Rgg7 Rxg7 33.Rxg7 Rh1 34.g4 Ra1 35.g5 Rxa2 36.g6
Rxc2+ 37.Kf3 a5 38.Rh7 Ke8 39.Rxc7 Kf8 40.Ra7 Rd2 41.Kf4 Rg2 42.Kf5 Rf2+ 43.Ke5
Rg2 44.Rf7+ Kg8 45.Rf6 Rb2 46.Rf1 Kg7 47.Kf5 Rg2 48.e5 Rxg6 49.Ke4 Rg4+ 50.Kd5
Rd4+ 51.Kc6 Rxd3 52.Kxb6 Re3 53.Kxa5 Rxe5 54.Kb5 Rg5 55.Kc6 Re5 56.Kd6 Rg5
57.Rd1 Kf7 58.Rd5 Rg6+ 59.Kxc5 Ke7 60.Rd1 Rh6 61.Kb5 Rg6 62.c5 Rh6 63.c6 Rh2
64.Kb6 Rb2+ 65.Kc7 Rc2 66.Re1+ Kf6 67.Kd7 Rd2+ 68.Kc8 Rc2 69.c7 Kf7 70.Re5 Kf6
71.Rb5 Ke7 72.Kb7 Kd7 73.Rd5+ Ke6 74.Rd8 Rb2+ 75.Ka6 Ra2+ 76.Kb5 Rb2+ 77.Ka4
Ra2+

[Event "2. Bundesliga Ost 2009/2010"]
[Site "17+18.10Zwettl14+15.11Poechlarn"]
[Date "2009.10.17"]
[Round "1"]
[Board "1"]
[White "Zilka, Stepan"]
[Black "Farago, Ivan"]
[Result "1-0"]
[WhiteElo "2485"]
[BlackElo "2511"]
[PlyCount "101"]
[EventDate "2009.10.17"]
[EventType "team"]
[EventRounds "11"]
[EventCountry "AUT"]
[WhiteTeam "Blackburne Nickelsdorf"]
[BlackTeam "ASVOE VHS Poechlarn"]

1.d4 Nf6 2.c4 e6 3.Nc3 Bb4 4.e3 O-O 5.Bd3 d5 6.Nf3 c5 7.O-O dxc4 8.Bxc4 Nbd7
9.a3 cxd4 10.axb4 dxc3 11.bxc3 Qc7 12.Qb3 Nb6 13.Be2 e5 14.Ra5 Be6 15.Qc2 Nbd7
16.Bb2 b6 17.Ra6 Nb8 18.Ra3 a5 19.c4 Nbd7 20.bxa5 Rxa5 21.Rxa5 bxa5 22.Ng5 Bd5
23.Bd3 Rc8 24.Rc1 Qb7 25.Bxh7+ Kh8 26.Bd3 e4 27.Bf1 Kg8 28.Bc3 Bc6 29.Bxa5 Nc5
30.Rb1 Qd7 31.Bc3 Ng4 32.h3 Nh6 33.Bd4 Qe7 34.Bxc5 Qxg5 35.Bd6 Nf5 36.Bf4 Qe7
37.Qd1 Qc5 38.Rb8 Rxb8 39.Bxb8 f6 40.Qh5 Bd7 41.g4 Qc8 42.c5 Nh6 43.Qd5+ Kh8
44.Bf4 Bc6 45.Qh5 Qf8 46.Bxh6 gxh6 47.Qg6 Qg7 48.Qxg7+ Kxg7 49.Kh2 f5 50.Kg3 Kf6
51.Kf4

[Event "2. Bundesliga Ost 2009/2010"]
[Site "17+18.10Zwettl14+15.11Poechlarn"]
[Date "2009.10.17"]
[Round "1"]
[Board "2"]
[White "Kostic, Vladimir"]
[Black "Pinter, Erik"]
[Result "1-0"]
[WhiteElo "2430"]
[BlackElo "2416"]
[PlyCount "67"]
[EventDate "2009.10.17"]
[EventType "team"]
[EventRounds "11"]
[EventCountry "AUT"]
[WhiteTeam "ASVOE VHS Poechlarn"]
[BlackTeam "Blackburne Nickelsdorf"]

1.e4 c5 2.Nf3 d6 3.c3 Nf6 4.e5 dxe5 5.Nxe5 Nbd7 6.f4 e6 7.d4 cxd4 8.cxd4 Ne4
9.Qd3 Nxe5 10.dxe5 Bb4+ 11.Nd2 Bxd2+ 12.Bxd2 Nxd2 13.Qxd8+ Kxd8 14.Rd1 Bd7
15.Rxd2 Ke7 16.h4 h5 17.Rh3 Bc6 18.Rhd3 Rhd8 19.Rxd8 Rxd8 20.Rxd8 Kxd8 21.g3 g6
22.Kd2 Kc7 23.Kc3 Bd7 24.Kd4 Bc6 25.Bc4 Bd7 26.f5 Kd8 27.fxg6 fxg6 28.Bd3 Be8
29.Be4 b6 30.Ke3 Ke7 31.Kf4 Kf7 32.Kg5 Kg7 33.b4 Bf7 34.b5

[Event "2. Bundesliga Ost 2009/2010"]
[Site "17+18.10Zwettl14+15.11Poechlarn"]
[Date "2009.10.17"]
[Round "1"]
[Board "3"]
[White "Vlcek, Stanislav"]
[Black "Rumpl, Erwin"]
[Result "1-0"]
[WhiteElo "2286"]
[BlackElo "2334"]
[PlyCount "71"]
[EventDate "2009.10.17"]
[EventType "team"]
[EventRounds "11"]
[EventCountry "AUT"]
[WhiteTeam "Blackburne Nickelsdorf"]
[BlackTeam "ASVOE VHS Poechlarn"]

1.e4 e6 2.d3 c5 3.g3 Nc6 4.Bg2 g6 5.Nf3 Bg7 6.O-O Nge7 7.c3 O-O 8.Re1 e5 9.a3 d6
10.b4 Qc7 11.Be3 b6 12.Nbd2 h6 13.Qc1 Bg4 14.h3 Bd7 15.d4 cxd4 16.cxd4 Rac8
17.Nb3 Kh7 18.Qd2 Rfd8 19.Rac1 Qb7 20.b5 Nb8 21.a4 Rxc1 22.Rxc1 Rc8 23.Qb4 Rxc1+
24.Nxc1 Nc8 25.Qc3 f6 26.Qc4 Be8 27.Nd3 Bf7 28.Qc2 a5 29.h4 Be6 30.Nb2 Bf8
31.Nc4 Qc7 32.Bf1 d5 33.exd5 Bxd5 34.h5 e4 35.hxg6+ Kxg6 36.Nce5+

[Event "2. Bundesliga Ost 2009/2010"]
[Site "17+18.10Zwettl14+15.11Poechlarn"]
[Date "2009.10.17"]
[Round "1"]
[Board "4"]
[White "Weinzettl, Ernst"]
[Black "Koffler, Daniel"]
[Result "1-0"]
[WhiteElo "2278"]
[BlackElo "2236"]
[PlyCount "73"]
[EventDate "2009.10.17"]
[EventType "team"]
[EventRounds "11"]
[EventCountry "AUT"]
[WhiteTeam "ASVOE VHS Poechlarn"]
[BlackTeam "Blackburne Nickelsdorf"]

1.e4 e5 2.Bc4 Nf6 3.d3 c6 4.Nf3 d5 5.Bb3 a5 6.a4 Bd6 7.exd5 cxd5 8.Nc3 Be6 9.Bg5
d4 10.Ne4 Bxb3 11.cxb3 Bb4+ 12.Kf1 Nbd7 13.Bxf6 gxf6 14.Nh4 Rc8 15.Nf5 Rc6 16.h4
Nc5 17.Nxc5 Rxc5 18.Qf3 Qc7 19.Kg1 Rg8 20.Ng3 Qc6 21.Ne4 Ke7 22.Kh2 Rc2 23.Rad1
h5 24.Rhg1 Rg4 25.g3 Kf8 26.Qf5 Ke7 27.Rgf1 Rg6 28.Qxh5 Qd5 29.Rc1 Qxb3 30.Qd1
Rxb2 31.Rc7+ Kf8 32.Qh5 Kg7 33.Qf3 Qe6 34.Rxb7 Qc8 35.Nd6 Qg4 36.Rxf7+ Kg8
37.Qa8+

[Event "2. Bundesliga Ost 2009/2010"]
[Site "17+18.10Zwettl14+15.11Poechlarn"]
[Date "2009.10.17"]
[Round "1"]
[Board "5"]
[White "Bachofner, Andreas"]
[Black "Loidl, Florian"]
[Result "1-0"]
[WhiteElo "2229"]
[BlackElo "2239"]
[PlyCount "59"]
[EventDate "2009.10.17"]
[EventType "team"]
[EventRounds "11"]
[EventCountry "AUT"]
[WhiteTeam "Blackburne Nickelsdorf"]
[BlackTeam "ASVOE VHS Poechlarn"]

1.e4 c6 2.d4 d5 3.exd5 cxd5 4.Bd3 Nc6 5.c3 Qc7 6.Ne2 Bg4 7.f3 Bh5 8.Bf4 Qb6
9.Qb3 Qxb3 10.axb3 Bg6 11.Bxg6 hxg6 12.b4 f6 13.b5 Nd8 14.O-O g5 15.Bg3 f5
16.Nd2 f4 17.Bf2 Rh6 18.Ra5 Re6 19.Re1 Nf6 20.Kf1 b6 21.Ra6 Nb7 22.Rea1 Nd6
23.Rxb6 axb6 24.Rxa8+ Kf7 25.h4 g6 26.hxg5 Nh5 27.Rb8 Nf5 28.c4 dxc4 29.Nxc4 Bg7
30.d5

[Event "2. Bundesliga Ost 2009/2010"]
[Site "17+18.10Zwettl14+15.11Poechlarn"]
[Date "2009.10.17"]
[Round "1"]
[Board "6"]
[White "Steinmueller, Guenther"]
[Black "Bachofner, Christian"]
[Result "1-0"]
[WhiteElo "2207"]
[BlackElo "2072"]
[PlyCount "80"]
[EventDate "2009.10.17"]
[EventType "team"]
[EventRounds "11"]
[EventCountry "AUT"]
[WhiteTeam "ASVOE VHS Poechlarn"]
[BlackTeam "Blackburne Nickelsdorf"]

1.d4 d5 2.Nf3 Nf6 3.c4 c6 4.Nc3 e6 5.e3 Nbd7 6.Qc2 b6 7.Bd3 Bb7 8.O-O Be7 9.b3
Rc8 10.Bb2 O-O 11.Rac1 dxc4 12.bxc4 c5 13.Qe2 Qc7 14.Rfd1 Rfd8 15.Ne5 Bf8 16.f4
g6 17.Rd2 cxd4 18.exd4 Nh5 19.Rf1 Bh6 20.g3 Bf8 21.Ne4 Bxe4 22.Qxe4 Nhf6 23.Qf3
Bg7 24.Kg2 Nb8 25.Rfd1 Na6 26.Be2 Nb4 27.a3 Nc6 28.d5 exd5 29.cxd5 Na5 30.d6 Qb8
31.g4 Nd7 32.Nxd7 Rxd7 33.Bxg7 Kxg7 34.g5 Rcd8 35.Qc3+ Kg8 36.Bb5 Rxd6 37.Rxd6
Rxd6 38.Re1 Rd8 39.Qf6 Qb7+ 40.Kg3 Qc7

[Event "2. Bundesliga Ost 2009/2010"]
[Site "17+18.10Zwettl14+15.11Poechlarn"]
[Date "2009.10.17"]
[Round "1"]
[Board "2"]
[White "Groetz, Harald"]
[Black "Lucaci, Marius"]
[Result "0-1"]
[WhiteElo "2332"]
[BlackElo "2153"]
[PlyCount "64"]
[EventDate "2009.10.17"]
[EventType "team"]
[EventRounds "11"]
[EventCountry "AUT"]
[WhiteTeam "Aljechin/Wieden"]
[BlackTeam "1. Wr. Neustaedter SV"]

1.e4 e6 2.d4 d5 3.Nd2 Nf6 4.e5 Nfd7 5.c3 c5 6.Bd3 Nc6 7.Ne2 Qb6 8.Nf3 f6 9.exf6
Nxf6 10.O-O cxd4 11.cxd4 Bd6 12.b3 O-O 13.Bb2 Bd7 14.Ng3 Kh8 15.Re1 Rae8 16.Re2
Ng4 17.Qe1 Nb4 18.Bb1 Bb5 19.Rd2 Nc6 20.h3 Nf6 21.Ne2 Ne4 22.Bxe4 dxe4 23.Nh2
Bd3 24.Rc1 e5 25.d5 Rxf2 26.Qxf2 e3 27.dxc6 exf2+ 28.Kf1 e4 29.Ng4 bxc6 30.g3 h5
31.Nh2 Qe3 32.Rcd1 Bb4